000 00292nam a22001337a 4500
008 181015b xxu||||| |||| 00| 0 eng d
020 _a0669067520
041 _aeng
080 _28 ed
_a370
100 _a49
101 _aEDU
245 _aTeachung Tips
_cKeachine.W.J.M
942 _2udc
_cBK
999 _c49641
_d49641